00431pab a2200157 454500008004000000100001800040245007000058260000900128300001500137362001600152650002100168650001800189650001300207700001900220773003400239180718b2015 xxu||||| |||| 00| 0 eng d aJain, Sheelam aAn empirical assessment of training effectiveness in Indian banks c2015 ap.333-346. aAug and Nov aTraining - India aBanks - India aTraining aJain, Ravindra aManagement and Labour Studies